01195 2200349 4500001002100000005001500021035002000036007000300056008004100059020002200100040002200122100003400144245018100178300003800359850001200397264004300409336002100452337003000473338002300503504003300526250003400559700003800593700002900631700003800660700003200698090002200730999002200752082001500774084001700789650001700806990002200823INLIS00000000089893720250814100801 a0010-0825000371ta250303s2025 yoia g ind d a978-623-129-556-9 aYOPDYOGbinderda0 aRizky Fauzan AkbarePengarang10aKepemimpinan Batak Toba :bkearifan lokal dalam bingkai kepemimpinan modern /cRizky Fauzan Akbar, Yulia Nadhira, Aprina Enzel Sihotang, Santa Hoky Hutagalung, Wahyu Tri Atmojo aix, 133 halaman :btabel ;c20 cm aYOPDYOG31aSleman :bBintang Semesta Media,c2025 2rdacontentateks 2rdamediaatanpa perantara 2rdacarrieravolume aBibliografi: halaman 114-119 aCetakan pertama, Agustus 20250 aSihotang, Aprina EnzelePengarang0 aYulia NadhiraePengarang3 aHutagalung, Santa HokyePengarang0 aWahyu Tri AtmojoePengarang aCB-D.11 2025-2433 aCB-D.11/2025-243304223a303.34 a303.34 RIZ k 4aKepemimpinan aCB-D.11/2025-2433